| 000 | 00627nam a2200205 a 4500 | ||
|---|---|---|---|
| 005 | 20210223130909.0 | ||
| 008 | 081204s19832004mx r 000 0 spa d | ||
| 020 | _a9683900593 | ||
| 035 | _aUPN01000168346 | ||
| 049 | _aI | ||
| 050 | 4 |
_aPZ78 _bA2.3 |
|
| 100 | 1 | _aAboites, Luis | |
| 245 | 1 | 3 |
_aEl campo y la ciudad / _ctexto Luis Aboites ; il. Elena Climent. |
| 260 |
_aMéxico : _bPatria, _c1983 (2004 impr.) |
||
| 300 |
_a31 p. : _bil. col. |
||
| 440 | 0 |
_aPiñata. _pLa vida social |
|
| 650 | 4 |
_aVIDA URBANA - _vLITERATURA INFANTIL _911710 |
|
| 650 | 4 |
_aVIDA EN EL CAMPO - _vLITERATURA INFANTIL _911709 |
|
| 905 | _aInfantil | ||
| 999 |
_c140453 _d140453 |
||